Riconosci il Capoluogo di Regione dal satellite - Statistics

Statistiche generali
  • Questo quiz è stato fatto 103 volte
  • Il punteggio medio è 8 su 20
Statistiche sulle risposte
con Immagini Risposta % Corretto
Venezia
98%
Milano
63%
Napoli
57%
Genova
56%
Bologna
50%
Roma
50%
Bari
48%
Ancona
43%
Aosta
41%
Firenze
37%
Torino
37%
Trieste
35%
Cagliari
31%
Trento
30%
Campobasso
24%
L'Aquila
24%
Perugia
24%
Palermo
22%
Potenza
20%
Catanzaro
17%
Nessun quiz corrispondente trovato
Distribuzione punteggi
Percentuale di utenti per punteggio
Percentile per numero di risposta
I tuoi punteggi nel tempo
Non hai fatto questo quiz